000 00388nam a22001697a 4500
999 _c10999
_d10999
003 OSt
008 210814b ||||| |||| 00| 0 eng d
020 _a9789389538229
082 _a910
_bHUI
100 G _aHUSAIN, Majid
245 _aIndian and World Geography
250 _a5th
260 _aNew Delhi
_bMc Graw Hill
_c2020
300 _aMisc
650 _aYearbook
942 _2ddc
_cBK